00779cam a2200241 a 4500001000500000005001700005020001800022040002300040050001200063082001000075100002000085245004500105250004500150260003900195300004700234490002500281500002000306505000900326520012200335521002000457521002000477650004000497265520240111133629.0 a9781615905003 aDLCcDLCdDLCbeng00aQL756.500a591.51 aMitten, Luana K10aBunches of lunches /c K. Mitten, Luana  aPrinted in the United States of America  aU.S.A : bRourke Publishing,c2011 a24 pages :bcolor illustrations ; c21 cm.0 aAnimal babies and me aIncludes index. aJ  aThis Delightful Book Will Charm The Very Young Child And The Emergent Reader As They Discover What Young Animals Eat. a430 bLexile  aJ bRaz-Plus  0aAnimalsxFoodvJuvenile literature.